000 00405nam a22001457a 4500
005 20260430122042.0
008 180116b xxu||||| |||| 00| 0 eng d
040 _cPK-LaUMT
082 _aPKAC 279.14
_bABU-I
100 1 _aMaududi, Syed Abul Ala
_911418
245 _aThe Islamic law and constitution /
_cAbul Ala Maududi
260 _aLahore:
_bIslamic publication,
_c1980
300 _a412
942 _cBK
999 _c101748
_d101748